Zimbabwe's structural adjustment programme (Record no. 62457)

MARC details
000 -LEADER
fixed length control field 00570nam a2200157 a 4500
008 - FIXED-LENGTH DATA ELEMENTS--GENERAL INFORMATION
fixed length control field 120416s1992 ||||||||||||||||| || u
050 ## - LIBRARY OF CONGRESS CALL NUMBER
Classification number HD 87 Zim
100 ## - MAIN ENTRY--PERSONAL NAME
Personal name Kadenge, Phineas G
245 10 - TITLE STATEMENT
Title Zimbabwe's structural adjustment programme
246 ## - VARYING FORM OF TITLE
Title proper/short title the first year experience
260 ## - PUBLICATION, DISTRIBUTION, ETC.
Place of publication, distribution, etc. Harare
Name of publisher, distributor, etc. SAPES
Date of publication, distribution, etc. 1992
350 ## - PRICE (NR) (BK AM CF MU VM SE) [OBSOLETE]
Price 0.00
650 ## - SUBJECT ADDED ENTRY--TOPICAL TERM
Topical term or geographic name entry element STRUCTURAL ADJUSTMENT PROGRAMME--ZIMBABWE
650 #0 - SUBJECT ADDED ENTRY--TOPICAL TERM
Topical term or geographic name entry element ECONOMICS
995 ## - RECOMMENDATION 995 [LOCAL, UNIMARC FRANCE]
-- 0.00
-- CBU-MAIN LIBRARY (Kitwe)
-- 1
-- 3.75
-- 1
-- AVAILABLE
-- Annex Low-Usage Collection
Holdings
Withdrawn status Lost status Source of classification or shelving scheme Damaged status Not for loan Home library Current library Shelving location Date acquired Total Checkouts Full call number Barcode Date last seen Price effective from Koha item type
          CBU-MAIN LIBRARY, KITWE. CBU-MAIN LIBRARY, KITWE.   11/30/2022   HD 87 Zim 024059 11/30/2022 11/30/2022 MONOGRAPH